Demand Forecasting For Executives And Professionals (Record no. 43444)

MARC details
000 -LEADER
fixed length control field 02972cam a2200373 i 4500
001 - CONTROL NUMBER
control field 23178743
005 - DATE AND TIME OF LATEST TRANSACTION
control field 20250327143937.0
008 - FIXED-LENGTH DATA ELEMENTS--GENERAL INFORMATION
fixed length control field 230609s2024 flu b 001 0 eng
010 ## - LIBRARY OF CONGRESS CONTROL NUMBER
LC control number 2023013054
020 ## - INTERNATIONAL STANDARD BOOK NUMBER
International Standard Book Number 9781032507736
020 ## - INTERNATIONAL STANDARD BOOK NUMBER
International Standard Book Number 9781032507729
020 ## - INTERNATIONAL STANDARD BOOK NUMBER
Canceled/invalid ISBN 9781003399599
042 ## - AUTHENTICATION CODE
Authentication code pcc
082 00 - DEWEY DECIMAL CLASSIFICATION NUMBER
Classification number 330.0112 KOL
100 1# - MAIN ENTRY--PERSONAL NAME
Author Kolassa, Stephan
245 10 - TITLE STATEMENT
Title Demand Forecasting For Executives And Professionals
250 ## - EDITION STATEMENT
Edition statement 1st
260 ## - PUBLICATION, DISTRIBUTION, ETC.
Place Boca Raton
Publisher CRC Press
Publication Year 2024
300 ## - PHYSICAL DESCRIPTION
Extent 254 pages ;
Dimensions 24 cm
504 ## - BIBLIOGRAPHY, ETC. NOTE
Bibliography, etc. note Includes bibliographical references and index.
520 ## - SUMMARY, ETC.
Summary, etc. "This book surveys what executives who make decisions based on forecasts and professionals responsible for forecasts should know about forecasting. It discusses how individuals and firms should think about forecasting and guidelines for good practices. It introduces readers to the subject of time series, presents basic and advanced forecasting models, from exponential smoothing across ARIMA to modern Machine Learning methods, and examines human judgment's role in interpreting numbers and identifying forecasting errors and how it should be integrated into organizations. This is a great book to start learning about forecasting if you are new to the area or have some preliminary exposure to forecasting. Whether you are a practitioner, either in a role managing a forecasting team or at operationally involved in demand planning, a software designer, a student or an academic teaching business analytics, operational research, or operations management courses, the book can inspire you to rethink demand forecasting. No prior knowledge of higher mathematics, statistics, operations research, or forecasting is assumed in this book. It is designed to serve as a first introduction to the non-expert who needs to be familiar with the broad outlines of forecasting without specializing in it. This may include a manager overseeing a forecasting group, or a student enrolled in an MBA program, an executive education course, or programs not specialising in analytics. Worked examples accompany the key formulae to show how they can be implemented"--
650 #0 - SUBJECT ADDED ENTRY--TOPICAL TERM
Subject Economic Forecasting
650 #0 - SUBJECT ADDED ENTRY--TOPICAL TERM
Subject Decision making.
700 1# - ADDED ENTRY--PERSONAL NAME
Co-Author Rostami-Tabar, Bahman,
700 1# - ADDED ENTRY--PERSONAL NAME
Co-Author Siemsen, Enno,
942 ## - ADDED ENTRY ELEMENTS (KOHA)
Koha item type Books
264 #1 - PRODUCTION, PUBLICATION, DISTRIBUTION, MANUFACTURE, AND COPYRIGHT NOTICE
Place of production, publication, distribution, manufacture Boca Raton, FL :
Name of producer, publisher, distributor, manufacturer CRC Press Taylor & Francis Group, CRC Press is an imprint of the Taylor & Francis Group, an informa business, A Chapman & Hall Book,
Date of production, publication, distribution, manufacture, or copyright notice 2024.
336 ## - CONTENT TYPE
Content type term text
Content type code txt
Source rdacontent
337 ## - MEDIA TYPE
Media type term unmediated
Media type code n
Source rdamedia
338 ## - CARRIER TYPE
Carrier type term volume
Carrier type code nc
Source rdacarrier
776 08 - ADDITIONAL PHYSICAL FORM ENTRY
Relationship information Online version:
Main entry heading Kolassa, Stephan (Data science expert).
Title Demand forecasting for executives and professionals
Edition First edition.
Place, publisher, and date of publication Boca Raton, FL : CRC Press, 2024
International Standard Book Number 9781003399599
Record control number (DLC) 2023013055
906 ## - LOCAL DATA ELEMENT F, LDF (RLIN)
a 7
b cbc
c orignew
d 1
e ecip
f 20
g y-gencatlg
Holdings
Withdrawn status Lost status Source of classification or shelving scheme Damaged status Not for loan Home library Current library Shelving location Accession Date Vendor Price Bill number Total Checkouts Full call number Barcode No Date last seen Discount Bill Date Koha item type Suggested By
    Dewey Decimal Classification     IMTN IMTN Rack 7-A 03/24/2025 Raghav Books Private Limited 5118.69 2374   330.0112 KOL 33735 03/27/2025 33 02/14/2025 Books Dr. Veena Pailwar
Designed & Maintained by: LRC IMT Nagpur Contact: lrc@imtnag.ac.in© 2024. All Rights Reserved.